Ч. 3: Основы массопередачи; Процессы и аппараты химической технологии

Détails bibliographiques
Parent link:Процессы и аппараты химической технологии: учебное пособие для вузов/ В. М. Воротынцев, В. С. Епифанова, П. Н. Дроздов; Нижегородский государственный технический университет (НГТУ). Ч. 3: Основы массопередачи.— , 2005
Résumé:Рассмотрены основы теории массообменных процессов. Приведены физические закономерности процессов абсорбции, дистилляции, адсорбции, экстракции, кристаллизации, сушки, искусственного охлаждения и мембранных процессов разделения. Показан порядок расчета некоторых массообменных аппаратов. Предназначено для студентов специальностей 250300 «Технология электрохимических производств», 200100 «Электроника и твердотельная электроника», 330500 «Безопасность технологических процессов и производств» и 070100 «Биотехнология».
Langue:russe
Publié: 2005
Sujets:
Format: Livre
KOHA link:https://koha.lib.tpu.ru/cgi-bin/koha/opac-detail.pl?biblionumber=119165

MARC

LEADER 00000nam0a2200000 4500
001 119165
005 20231101215524.0
010 |a 5932722681 
035 |a (RuTPU)RU\TPU\book\128952 
090 |a 119165 
100 |a 20070626d2005 m y0rusy50 ca 
101 0 |a rus 
102 |a RU 
105 |a a j 001zy 
200 0 |a Ч. 3: Основы массопередачи 
210 |d 2005 
215 |a 240 с.  |c ил. 
320 |a Библиогр.: с. 237-238. 
330 |a Рассмотрены основы теории массообменных процессов. Приведены физические закономерности процессов абсорбции, дистилляции, адсорбции, экстракции, кристаллизации, сушки, искусственного охлаждения и мембранных процессов разделения. Показан порядок расчета некоторых массообменных аппаратов. Предназначено для студентов специальностей 250300 «Технология электрохимических производств», 200100 «Электроника и твердотельная электроника», 330500 «Безопасность технологических процессов и производств» и 070100 «Биотехнология». 
461 |t Процессы и аппараты химической технологии  |o учебное пособие для вузов  |o в 4 ч.  |f В. М. Воротынцев, В. С. Епифанова, П. Н. Дроздов  |g Нижегородский государственный технический университет (НГТУ)  |v Ч. 3: Основы массопередачи  |d 2005 
606 1 |a Массоперенос  |2 stltpush  |3 (RuTPU)RU\TPU\subj\31264  |9 54163 
610 1 |a химическая технология 
610 1 |a процессы 
610 1 |a аппараты 
610 1 |a массопередача 
610 1 |a газы 
610 1 |a абсорбция 
610 1 |a дистилляция 
610 1 |a разделение 
610 1 |a мембранные процессы 
610 1 |a экстракция 
610 1 |a кристаллизационные процессы 
610 1 |a сушка 
610 1 |a искусственное охлаждение 
610 1 |a учебные пособия 
610 1 |a адсорбция 
675 |a 66.021.3(075.8)  |v 3 
801 1 |a RU  |b 63413507  |c 20070626  |g PSBO 
801 2 |a RU  |b 63413507  |c 20150729  |g PSBO 
900 |a Процессы и аппараты химической технологии 
942 |c BK 
954 |b 200100  |b 240801 
959 |a 47/20070604  |d 5  |e 97,24  |f ЧЗТЛ:1  |f УФ:4